| 000 | 01107nam a2200241 i 4500 | ||
|---|---|---|---|
| 001 | 42453 | ||
| 003 | ES-MaACL | ||
| 005 | 20230906160621.0 | ||
| 007 | t| | ||
| 008 | 030328s1875 sp ||||1| spa d | ||
| 100 | 1 |
_aDiego, Francisco de. _944544 |
|
| 245 | 1 | 0 |
_aDiscursos leídos en la sesión inaugural del año académico de 1874-75 en la Academia Médico-Quirúrgica Española, verificada el 14 de marzo de 1875 / _cpor el secretario de actas de la misma Francisco de Diego y el académico de número Carlos María Cortezo. |
| 260 |
_aMadrid : _b[s.n.], _c1875 ( _fBerenguillo) |
||
| 300 |
_a52 p. ; _c23 cm. |
||
| 500 | _aTítulo del discurso de Cortezo: La diferenciación sensitiva. | ||
| 530 | _aDisponible también en sitio web. | ||
| 650 | 4 |
_aViruela- _xVacunación. _9136990 |
|
| 650 | 4 |
_aFisiología. _9136120 |
|
| 700 | 1 |
_aCortezo, Carlos María. _940920 |
|
| 710 | 2 |
_aAcademia Médico-Quirúrgica Española. _91209 |
|
| 852 |
_aES-MaACL _jT-685-F-5 |
||
| 856 |
_uhttp://bibliotecadigitalhispanica.bne.es:80/webclient/DeliveryManager?pid=1832895&custom_att_2=simple_viewer _zIr a la página |
||
| 999 |
_c42453 _d42453 |
||